000 00971cam a2200205 a 4500
020 _a0962545937 :
040 _cDLC
082 0 0 _a338 AME 1993 A063 Or.
245 0 0 _aTechnology management in Japan :
_bR&D policy, industrial strategies, and current practice = [Nihon no gijutsu keiei] /
260 _aWashington, D.C. :
_bAmerican Association for the Advancement of Science,
_cc1993.
300 _axxxv, 176 p. :
_bill., map ;
_c23 cm.
500 _aParallel title in Japanese characters.
500 _a"Joint symposium, AAAS annual meeting, American Association for the Advancement of Science, Japan Society for Science Policy and Research Management, Hynes Convention Center, Boston, MA, February 13, 1993."
650 0 _aTechnology
700 1 _aCutler, Robert S.,
710 2 _aAmerican Association for the Advancement of Science.
710 2 _aKenkyū Gijutsu Keikaku Gakkai.
710 2 _aAmerican Association for the Advancement of Science.
942 _cEK
999 _c15357
_d15357